| 000 | 01060nam a2200229Ia 4500 | ||
|---|---|---|---|
| 001 | L192-1749 | ||
| 003 | IT-CnALBA | ||
| 008 | 170116s9999||||xx |||||||||||||| ||und|| | ||
| 040 |
_aIT-CnALBA _cIT-CnALBA |
||
| 041 | _aITALIANO | ||
| 100 | _aSHATTESBURY | ||
| 245 | 0 | _aSAGGI MORALI. | |
| 250 | _a1a ed. | ||
| 260 |
_a BARI _bLATERZA GIUS. E FIGLI EDITORI _c1962 [1° Ed.:1962 - Ed.Ling.Originale: 1962] |
||
| 300 | _a438 p. | ||
| 500 | _aCURATORE PASINI PAOLO. LETTERA SULL'ENTUSIASMO. SENSO COMUNE. VIRTÙ E MERITO. MORALISTI RAPSODIA FILOSOFIA. RIFLESSIONI SU VIRTÙ. SCETTICISMO POLITICA DELLA CHIESA ROMANA. FILOSOFIA MORALE. NATURA. | ||
| 501 | _aSocietà San Paolo EM - Piazza San Paolo, 14 - 12051 ALBA (CN) (non commercial uses only) ® Copyright 2017 | ||
| 520 | _aCURATORE PASINI PAOLO. LETTERA SULL'ENTUSIASMO. SENSO COMUNE. VIRTÙ E MERITO. MORALISTI RAPSODIA FILOSOFIA. RIFLESSIONI SU VIRTÙ. SCETTICISMO POLITICA DELLA CHIESA ROMANA. FILOSOFIA MORALE. NATURA. | ||
| 650 | _aFILOSOFIA INGLESE | ||
| 942 | _cBK | ||
| 957 | _71 | ||
| 999 |
_a2731 _bNO _g Copie: 1 _c260968 _d260968 |
||